Comneni e staufer: ricerche sui rapporti fra Bisanzio e l' occidente nel secolo XII

Αποθηκεύτηκε σε:
Λεπτομέρειες βιβλιογραφικής εγγραφής
Κύριος συγγραφέας: Lamma, Paolo (Συγγραφέας)
Μορφή: Βιβλίο
Γλώσσα:Ιταλικά
Έκδοση: Roma Instituto Storico Italiano per il Medio Evo 1957
Σειρά:Studi Storici
Θέματα:
Ετικέτες: Προσθήκη ετικέτας
Δεν υπάρχουν, Καταχωρήστε ετικέτα πρώτοι!

MARC

LEADER 00000nam a2200000 a 4500
001 UCO2208
003 CL-VaPUC
008 000602e19570000IT |||||||||||||||||ita|d
082 0 4 |a 949.503  |b LAM  |2 21 
100 0 |a Lamma, Paolo  |e author  |9 445157 
245 1 0 |a Comneni e staufer: ricerche sui rapporti fra Bisanzio e l' occidente nel secolo XII 
300 |a v 
942 |c BK 
945 |d 20000602 00:00:00  |a rherrera 
260 |a Roma  |b Instituto Storico Italiano per il Medio Evo  |c 1957 
650 0 |a Imperio Bizantino  |9 315386 
650 0 |a Civilización bizantina  |9 341169 
651 7 |a BIZANCIO  |2 CL-VaPUC  |9 353433 
583 |a last modification  |c 20160817 01:07:20  |k Rodrigo Vera 
490 0 |a Studi Storici 
999 |c 288747  |d 288745 
952 |0 0  |1 0  |4 0  |6 949_503000000000000_LAM_1957  |7 0  |8 A  |9 336659  |a BIBHIS  |b BIBHIS  |d 2019-11-20  |h v.2  |i 1283588  |o 949.503 LAM 1957  |p 1283588  |r 2025-01-20  |w 2019-11-20  |y BK  |k HIS